[Event "URS-ch otbor"]
[Site "Norilsk"]
[Date "1987.??.??"]
[Round "?"]
[White "Krasenkow, Michal"]
[Black "Epishin, Vladimir"]
[Result "1-0"]
[WhiteElo "2380"]
[BlackElo "2430"]

1.d4 Nf6 2.c4 d6 3.Nc3 Nbd7 4.e4 e5 5.Nf3 g6 6.Be2 Bg7 7.O-O O-O 8.Qc2 h6
9.dxe5 dxe5 10.Rd1 Re8 11.c5 c6 12.b4 Qe7 13.Na4 Nf8 14.Nb2 Nh5 15.Nc4 Nf4
16.Nd6 Nxe2+ 17.Qxe2 Rd8 18.Bb2 Bg4 19.h3 Bxf3 20.Qxf3 Ne6 21.Qb3 b6 22.Qc2 Rab8
23.Rab1 Qc7 24.Qc3 Rd7 25.Rd2 Rbd8 26.Rbd1 h5 27.g3 Qb8 28.Qc4 Qc7 29.Kg2 Re7
30.a4 Rb8 31.Bc3 h4 32.a5 b5 33.Qe2 hxg3 34.fxg3 Nd4 35.Qg4 Rd8 36.Rf1 Qd7
37.Qh4 Qe6 38.Nxf7 g5 39.Nxg5 Qg6 40.Nf7  1-0

[Event "URS-ch otbor"]
[Site "Norilsk"]
[Date "1987.??.??"]
[Round "?"]
[White "Shneider, Aleksandr"]
[Black "Epishin, Vladimir"]
[Result "1/2-1/2"]
[WhiteElo "2455"]
[BlackElo "2430"]

1.d4 Nf6 2.c4 g6 3.Nc3 Bg7 4.Nf3 O-O 5.e4 d6 6.Be2 e5 7.O-O Nbd7 8.Qc2 c6
9.Rd1 Qe7 10.d5 a5 11.Bg5 Nc5 12.Nd2 Bd7 13.b3 Rfc8 14.Qb2 h6 15.Be3 cxd5
16.Nxd5 Nxd5 17.cxd5 f5 18.f3 fxe4 19.Nxe4 b6 20.Qd2 Kh7 21.Rac1 a4 22.b4 Nxe4
23.fxe4 b5 24.Rxc8 Rxc8 25.Rc1 Qd8 26.Rc3 Rxc3 27.Qxc3 Bf6 28.g3 h5 29.h4 Qe7
30.a3  1/2-1/2

[Event "URS-ch otbor"]
[Site "Norilsk"]
[Date "1987.??.??"]
[Round "?"]
[White "Huzman, Alexander"]
[Black "Shpilker, Boris"]
[Result "1/2-1/2"]
[WhiteElo "2500"]
[BlackElo "2425"]

1.d4 Nf6 2.c4 d6 3.Nc3 Nbd7 4.e4 e5 5.Nf3 g6 6.Be2 Bg7 7.O-O O-O 8.Qc2 c6
9.d5 c5 10.a3 Ne8 11.Bd3 Ndf6 12.g3 Nh5 13.Be2 Bh3 14.Re1 Bf6 15.b4 b6 16.bxc5 bxc5
17.Rb1 Nhg7 18.Qd2 Be7 19.Qh6 Bd7 20.Ng5 Nf6 21.Nf3 Nfe8 22.Ng5 Nf6 23.Nf3 Nfe8
24.Ng5  1/2-1/2

[Event "Oslo"]
[Site "Oslo"]
[Date "1987.??.??"]
[Round "?"]
[White "Welin, Thomas"]
[Black "Lane, Gary W"]
[Result "1/2-1/2"]
[WhiteElo "2400"]
[BlackElo "2345"]

1.d4 Nf6 2.Nf3 g6 3.c4 Bg7 4.Nc3 O-O 5.e4 d6 6.Be2 Nbd7 7.O-O e5 8.Qc2 c6
9.Rd1 Qe7 10.d5 c5 11.g3 a6 12.Rb1 Kh8 13.a3 Ng8 14.Nh4 Nh6 15.Bd3 Nf6 16.b4 b6
17.a4 a5 18.bxa5 bxa5 19.Bg5 Qd7 20.Rb6 Ne8 21.Rdb1 f5 22.exf5 gxf5 23.Bxh6 Bxh6
24.Bxf5 Rxf5 25.Nxf5 Qxf5 26.Qxf5 Bxf5 27.Rb8 Rxb8 28.Rxb8 Bg6 29.Nb5 Kg7
30.Rd8 Bd2 31.Nxd6 Nxd6 32.Rxd6 Kf7 33.Rc6 Bb4 34.Re6 Bc3 35.Rc6 Bb4 36.Re6  1/2-1/2

[Event "Ostend op"]
[Site "Ostend"]
[Date "1987.??.??"]
[Round "3"]
[White "Winants, Luc"]
[Black "Apicella, Manuel"]
[Result "1/2-1/2"]
[WhiteElo "2440"]
[BlackElo "2295"]

1.d4 Nf6 2.c4 d6 3.Nf3 g6 4.Nc3 Bg7 5.e4 O-O 6.Be2 e5 7.O-O Nbd7 8.Qc2 Qe7
9.Rd1 exd4 10.Nxd4 Re8 11.f3 c6 12.Bf1 a5 13.Bf4 Nh5 14.Be3 f5 15.Bf2 f4
16.a3 Qg5 17.b4 Ne5 18.c5 Rd8 19.Qb3+ Kh8 20.Na4 axb4 21.cxd6 Rxd6 22.Nb6 Rb8
23.axb4 Qd8 24.Nxc8 Qxc8 25.Ne2 Rd3 26.Rxd3 Nxd3 27.Bd4 Ne5 28.Qc3 Qe6 29.Ra5 Re8
30.Nc1 Qd6 31.Kh1 Kg8 32.Nb3 Bf6 33.Ra7 Rb8 34.Na5 Qe7 35.Bc4+ Kg7 36.Bb3 Kh6
37.Qa1 Qxb4 38.Qc3 Qxc3 39.Bxc3 b6 40.Bxe5 Bxe5 41.Nxc6 Rc8 42.Bd5 Nf6 43.g4 Nxd5
44.exd5 Bf6 45.Rf7 Bg5 46.Rb7 Re8 47.d6 Re6 48.Rd7 Bf6 49.Kg2 g5 50.Ne7 Bxe7
51.dxe7 Re2+ 52.Kf1 Re3 53.Kf2 Kg6 54.Rb7 h6 55.Rxb6+ Kg7 56.Rb7 Kf6 57.Ra7 Re5
58.Rc7 Re3 59.Rb7 Re5 60.Ra7 Re3  1/2-1/2

[Event "Ostend op"]
[Site "Ostend"]
[Date "1987.??.??"]
[Round "5"]
[White "Sprotte, Norbert"]
[Black "Werner, Dimo"]
[Result "1-0"]
[WhiteElo "2265"]
[BlackElo "2380"]

1.Nf3 Nf6 2.c4 g6 3.Nc3 Bg7 4.e4 d6 5.d4 O-O 6.Be2 e5 7.O-O Nbd7 8.d5 Nc5
9.Qc2 a5 10.Ne1 Nfd7 11.Be3 f5 12.f3 b6 13.Nd3 Nf6 14.Nxc5 bxc5 15.a3 Bd7
16.Nb5 a4 17.Nc3 Rf7 18.b4 axb3 19.Qxb3 Rb8 20.Qc2 Qf8 21.Qd2 h5 22.Rfb1 Ra8
23.Bd3 Kh7 24.a4 fxe4 25.Bxe4 Bf5 26.a5 Qc8 27.Qc2 Bh6 28.Bxh6 Kxh6 29.Bxf5 gxf5
30.Qd2+ Kg6 31.h4 Rg7 32.a6 f4 33.a7 Kh6 34.Kf1 Ng8 35.Ne4 Ne7 36.Ng5 Nf5
37.Qb2 Nxh4 38.Qb8 Rxg5 39.Qxc8 Rxc8 40.Rb8 Rgg8 41.Rab1  1-0

[Event "Pancevo"]
[Site "Pancevo"]
[Date "1987.??.??"]
[Round "?"]
[White "Sokolov, Ivan"]
[Black "Rajna, George"]
[Result "1-0"]
[WhiteElo "2525"]
[BlackElo "2520"]

1.d4 Nf6 2.c4 g6 3.Nc3 Bg7 4.e4 d6 5.Nf3 O-O 6.Be2 e5 7.Be3 Ng4 8.Bg5 f6
9.Bh4 Nc6 10.h3 Nh6 11.d5 Ne7 12.g4 Nf7 13.Nd2 c5 14.Nf1 a6 15.Ne3 Rb8 16.a3 Bd7
17.b4 cxb4 18.axb4 Qc7 19.Qb3 Kh8 20.O-O Ng5 21.Bxg5 fxg5 22.Qa3 h5 23.c5 hxg4
24.hxg4 Rf4 25.Kg2 Rbf8 26.f3 Nc8 27.c6 bxc6 28.dxc6 Bxc6 29.Rh1+ Kg8 30.Bc4+ R4f7
31.Bxf7+ Qxf7 32.Rhf1 Bb7 33.Qa2 Nb6 34.Ncd5 Nxd5 35.Nxd5 Rb8 36.Rfd1 Bf8
37.Nf6+ Kg7 38.Qxf7+ Kxf7 39.Nd7 Rd8 40.Nc5 Rb8 41.Nxb7 Rxb7 42.Ra4 Ke6 43.Rd5 Be7
44.Rda5 Bd8 45.Rxa6 Bb6 46.Ra1 Bd4 47.Rb1 Rc7 48.b5 Rb7 49.b6 Bc5 50.Kf1 Bd4
51.Ke2 d5 52.Ra7 Rxa7 53.bxa7 Bxa7 54.Rb7 Bg1 55.exd5+ Kxd5 56.Kd3 Ke6 57.Ke4 Bh2
58.Rb6+ Kf7 59.Kd5 Bf4 60.Ra6 Bg3 61.Ra8 Bf4 62.Ra6 Bg3 63.Rd6 Bf4 64.Kc6 Bg3
65.Kd7 Bf4 66.Re6 Bg3 67.Re7+ Kf6 68.Ke8 Bf4 69.Kf8 Be3 70.Rf7+ Ke6 71.Kg7 e4
72.fxe4 Ke5 73.Kxg6 Kxe4 74.Re7+ Kf3 75.Rxe3+  1-0

[Event "Philadelphia op"]
[Site "Philadelphia"]
[Date "1987.??.??"]
[Round "?"]
[White "Stone, Raymond"]
[Black "Gurevich, Ilya"]
[Result "1-0"]
[WhiteElo "2340"]
[BlackElo "2410"]

1.d4 Nf6 2.c4 g6 3.Nc3 Bg7 4.e4 d6 5.Nf3 O-O 6.Be2 e5 7.Be3 Nc6 8.d5 Ne7
9.Nd2 Nd7 10.b4 f5 11.f3 Nf6 12.c5 h5 13.h3 Kh8 14.Nc4 Ne8 15.Qd2 Bd7 16.O-O-O Ng8
17.Kb1 Qb8 18.cxd6 cxd6 19.Rc1 Bf6 20.Rc2 f4 21.Bf2 Rf7 22.a4 Bd8 23.Rhc1 Ne7
24.Rb2 Nc8 25.b5 Kh7 26.a5 g5 27.a6 Nf6 28.Na2 Be8 29.Nb4 Bb6 30.Nxb6 axb6
31.Rbc2 Na7 32.Bxb6 Nxb5 33.Bxb5 Bxb5 34.Rc7 Rxc7 35.Rxc7+ Kg6 36.axb7 Ra4
37.Qb2 Nd7 38.Nc6 Bxc6 39.dxc6 Nxb6 40.Qxb6 Qg8 41.Rg7+ Kxg7 42.Qc7+ Kg6
43.Qxd6+ Kh7 44.Qd5 Qf8 45.Qd7+ Kh6 46.Qe6+ Kg7 47.Qxe5+ Kh6 48.b8=Q Rb4+
49.Qxb4 Qxb4+ 50.Kc2 Qa4+ 51.Kd3 Qxc6 52.Qd5 Qa6+ 53.Kd4 Qa1+ 54.Kc5 Qg1+
55.Kd6 Qxg2 56.e5 g4 57.Qe6+ Kg7 58.Qf6+ Kg8 59.Qg5+ Kf8 60.Qf5+ Ke8 61.Qg5  1-0

[Event "Philadelphia op"]
[Site "Philadelphia"]
[Date "1987.??.??"]
[Round "?"]
[White "Norman, Dinah M"]
[Black "Strikovic, Aleksa"]
[Result "0-1"]
[WhiteElo "2090"]
[BlackElo "2400"]

1.Nf3 g6 2.d4 Bg7 3.e4 d6 4.c4 Nd7 5.Nc3 e5 6.Be2 Ngf6 7.O-O O-O 8.Re1 c6
9.Bf1 a6 10.Rb1 b5 11.a3 Bb7 12.b3 Re8 13.d5 cxd5 14.cxd5 Rc8 15.Bb2 Bh6
16.Bc1 Bxc1 17.Rxc1 Kg7 18.Re2 Qa5 19.Nb1 Rxc1 20.Qxc1 Rc8 21.Rc2 Rxc2 22.Qxc2 b4
23.a4 Qc5 24.Bd3 Qxc2 25.Bxc2 Nc5 26.Nbd2 a5 27.Ne1 Ba6 28.f3 Nfd7 29.Kf2 Kf6
30.Ke3 Kg5 31.g3 f5 32.Ng2 Kf6 33.Nh4 f4+ 34.gxf4 exf4+ 35.Kd4 Ne5 36.Ng2 g5
37.Bd1 h5 38.h3 h4 39.Ne1 Ke7 40.Ng2 Bc8 41.Be2 Bxh3 42.Bf1 Kf7 43.Ne1 Bxf1
44.Nxf1 Nxb3+  0-1

[Event "Philadelphia op"]
[Site "Philadelphia"]
[Date "1987.??.??"]
[Round "?"]
[White "Root, Douglas"]
[Black "Bjarnason, Saevar"]
[Result "1-0"]
[WhiteElo "2410"]
[BlackElo "2355"]

1.d4 Nf6 2.Nf3 g6 3.c4 Bg7 4.Nc3 O-O 5.e4 d6 6.Be2 Nbd7 7.O-O e5 8.Re1 h6
9.Rb1 Nh7 10.dxe5 dxe5 11.b4 f5 12.c5 Ng5 13.Nxg5 hxg5 14.Bc4+ Kh7 15.exf5 gxf5
16.Nd5 Bh6 17.Rb3 c6 18.Rh3 cxd5 19.Qh5 Rf6 20.Bxg5 Qf8 21.Bxd5 e4 22.Rxe4 fxe4
23.Bxe4+ Kh8 24.Bxh6 Rxh6 25.Qxh6+ Qxh6 26.Rxh6+ Kg8 27.Rd6 a5 28.Bf5 Nf8
29.Rd8 Bxf5 30.Rxa8 axb4 31.Ra4  1-0

[Event "POL-ch"]
[Site "?"]
[Date "1987.??.??"]
[Round "?"]
[White "Matlak, Marek"]
[Black "Sznapik, Aleksander"]
[Result "1/2-1/2"]
[WhiteElo "2390"]
[BlackElo "2425"]

1.Nf3 g6 2.d4 Bg7 3.e4 d6 4.c4 Nf6 5.Nc3 O-O 6.Be2 e5 7.dxe5 dxe5 8.Qxd8 Rxd8
9.Bg5 Re8 10.Nd5 Nxd5 11.cxd5 c6 12.Bc4 cxd5 13.Bxd5 Na6 14.Ke2 Nc7 15.Bb3 Bd7
16.Rac1 Bc6 17.Be3 h6 18.Nd2 Ne6 19.Bxe6 Rxe6 20.g4 Bf8 21.f3 Be7 22.h4 Bb5+
23.Kf2 Rd8 24.Nb1 Kg7 25.Nc3 Bc6 26.Ke2 a6 27.h5 b5 28.hxg6 Rxg6 29.Rcd1 Rxd1
30.Kxd1 Rd6+ 31.Kc2 Bg5 32.Bxg5 hxg5 33.a3 a5 34.Rh3 b4 35.axb4 axb4 36.Ne2 Ba4+
37.b3 Bd7 38.Rh1 Rf6 39.Rd1 Bb5 40.Ng1 Rc6+ 41.Kd2 Rc3 42.Rb1 Kf6 43.Rb2 Ke6
44.Ke1 Kd6 45.Kf2 Kc5 46.Ne2 Rd3 47.Rc2+ Kb6 48.Nc1 Rd1 49.Ke3 Ba6 50.Kf2 f6
51.Ke3 Rf1 52.Na2 Ka5 53.Nc1 Bb5 54.Ra2+ Kb6 55.Rc2 Rd1 56.Kf2 Rd8 57.Ke3 Rd6
58.Rc8 Kb7 59.Rc2 Rd1 60.Kf2 Kb6 61.Ke3 Re1+ 62.Kf2 Rf1+ 63.Ke3 Rh1 64.Rc8 Rh2
65.Nd3 Bxd3 66.Kxd3 Rb2 67.Rb8+ Kc5 68.Rf8 Rxb3+ 69.Ke2 Kd4 70.Rxf6 Rb2+
71.Kd1 Rf2 72.Kc1 b3 73.Kb1 Ke3 74.Rf5 Kd4 75.Rf8 Re2 76.Rf7 Rh2 77.Rf8 Rg2
78.Rf7 Rh2 79.Rf8 Kc3 80.Rc8+ Kd4 81.Rf8  1/2-1/2

[Event "Porabka"]
[Site "Porabka"]
[Date "1987.??.??"]
[Round "1"]
[White "Genov, Petar"]
[Black "Bielczyk, Jacek"]
[Result "1/2-1/2"]
[WhiteElo "2375"]
[BlackElo "2385"]

1.Nf3 g6 2.c4 Bg7 3.Nc3 d6 4.e4 Nf6 5.d4 O-O 6.Be2 e5 7.O-O Nbd7 8.Be3 c6
9.d5 c5 10.Ne1 Ne8 11.Nd3 f5 12.f4 g5 13.fxe5 Nxe5 14.Nxe5 Bxe5 15.exf5 Bxf5
16.g4  1/2-1/2

[Event "Porabka"]
[Site "Porabka"]
[Date "1987.??.??"]
[Round "10"]
[White "Genov, Petar"]
[Black "Riemersma, Liafbern"]
[Result "1/2-1/2"]
[WhiteElo "2375"]
[BlackElo "2395"]

1.d4 Nf6 2.Nf3 g6 3.c4 Bg7 4.Nc3 O-O 5.e4 d6 6.Be2 e5 7.Be3 h6 8.dxe5 Ng4
9.Bf4 Nxe5 10.Nd4 c5 11.Ndb5 Be6 12.Qxd6 Nxc4 13.Qxd8 Rxd8 14.Nc7 Nxb2 15.Rc1 Na6
16.Nxa8 Nb4 17.O-O Rxa8 18.Be3 N2d3 19.Bxd3 Nxd3 20.Rc2 Nb4 21.Rcc1 Nd3 22.Rc2 Nb4
23.Rcc1 Bc4 24.Rfd1 Nd3 25.Rc2 Nb4 26.Rcc1 b6 27.Rd2 Nd3 28.Rcc2 Nb4 29.Rc1 Nd3
30.Rcc2 Ne1  1/2-1/2

[Event "Porabka"]
[Site "Porabka"]
[Date "1987.??.??"]
[Round "12"]
[White "Genov, Petar"]
[Black "Borkowski, Franciszek"]
[Result "1/2-1/2"]
[WhiteElo "2375"]
[BlackElo "2450"]

1.d4 Nf6 2.Nf3 g6 3.c4 Bg7 4.Nc3 O-O 5.e4 d6 6.Be2 e5 7.Be3 h6 8.dxe5 dxe5
9.Qxd8 Rxd8 10.Nd5 Nxd5 11.cxd5 c6 12.Bc4 cxd5 13.Bxd5 Nc6 14.O-O-O Bd7 15.Kb1 Rac8
16.Rd2 b6 17.Rc1 Nb8 18.Rdc2 Rxc2 19.Rxc2 Rc8 20.Rxc8+ Bxc8 21.a4 Na6 22.a5 bxa5
23.Bxa7 Nb4 24.Bc4 Bb7 25.Nd2 Bc6 26.f3 Be8 27.Nb3 a4 28.Nc5 Bf8 29.Bb6 Be7
30.Nd3 Nxd3 31.Bxd3 Kg7 32.Kc2 Bb4 33.Bc4 Bd7 34.b3 f5 35.bxa4 Bxa4+ 36.Kd3 f4
37.Bc7 Kf6 38.Bd8+ Be7 39.Bb6 g5 40.h3 h5 41.Ke2 g4 42.hxg4 hxg4 43.fxg4 Bd7
44.g3 Bxg4+ 45.Kf2 Kg5 46.Bd5 Bd6 47.gxf4+ exf4 48.Bd4 Be7 49.e5 Kf5 50.Bf3 Bh3
51.Ke2 Bh4 52.Bf2 Bd8 53.Bd4 Kg5 54.Kf2 Be6 55.Kg2 Ba5 56.Be4 Be1 57.Kf1 Bg3
58.Bf2 Kg4 59.Kg2 Bc4 60.Bf3+ Kh4 61.Bc5 Kg5 62.Bf2 Bxf2 63.Kxf2 Kf5 64.e6 Bxe6
65.Bc6 Ke5 66.Be8 Ke4 67.Bg6+ Bf5 68.Bxf5+ Kxf5 69.Kf1 Ke4 70.Ke2 f3+ 71.Kf2 Kf4
72.Kf1 Ke3 73.Ke1 f2+ 74.Kf1 Kf3  1/2-1/2

[Event "Primorsko op"]
[Site "Primorsko"]
[Date "1987.??.??"]
[Round "6"]
[White "Lalev, Dimitar"]
[Black "Liangov, Peter"]
[Result "1-0"]
[WhiteElo "2435"]
[BlackElo "2250"]

1.Nf3 Nf6 2.c4 d6 3.d4 g6 4.Nc3 Bg7 5.e4 O-O 6.Be2 e5 7.O-O Nbd7 8.Qc2 c6
9.d5 c5 10.a3 h6 11.b4 Nh7 12.g3 a6 13.Rb1 f5 14.Nh4 Qf6 15.exf5 gxf5 16.Nxf5 Qxf5
17.Bd3 e4 18.Bxe4 Ne5 19.Bxf5 Bxf5 20.Qb3 Nf3+ 21.Kg2 Bxc3 22.Qxc3 Be4 23.Bf4 Nd2+
24.f3 Nxb1 25.Qb2 Bf5 26.Rxb1 Bxb1 27.Qxb1 Rf6 28.bxc5 dxc5 29.Qxb7 Re8 30.d6 Nf8
31.Qd5+ Kh7 32.Be5 Rfe6 33.Qb7+ Kg6 34.Qg7+  1-0

[Event "Primorsko op"]
[Site "Primorsko"]
[Date "1987.??.??"]
[Round "8"]
[White "Csonkics, Tunde"]
[Black "Bos Swiecik, Iwona"]
[Result "0-1"]
[WhiteElo "2270"]
[BlackElo "2140"]

1.d4 Nf6 2.Nf3 g6 3.c4 Bg7 4.Nc3 O-O 5.e4 d6 6.Be2 e5 7.Be3 Ng4 8.Bg5 f6
9.Bh4 Nc6 10.d5 Ne7 11.Nd2 Nh6 12.f3 f5 13.b4 Bf6 14.Bf2 f4 15.c5 g5 16.Rc1 Ng6
17.cxd6 cxd6 18.Nb5 g4 19.Nc7 g3 20.hxg3 fxg3 21.Be3 Bg5 22.Bxg5 Qxg5 23.Nxa8 Bd7
24.Nc7 Ng4 25.Ne6 Bxe6 26.dxe6 Ne3 27.Qb3 Nxg2+ 28.Kf1 Ne3+ 29.Kg1 Re8 30.e7+ Kg7
31.Nf1 Nxf1 32.Rxf1 g2 33.Rf2 gxh1=Q+ 34.Kxh1 Qh4+ 35.Kg1 Nf4 36.Bf1 Rxe7
37.Bg2 Rc7 38.Qd1 Qg5 39.Qxd6 Rc1+ 40.Kh2 Qh4+  0-1

[Event "Pucarevo zt"]
[Site "Pucarevo"]
[Date "1987.??.??"]
[Round "2"]
[White "Barlov, Dragan"]
[Black "Grivas, Efstratios"]
[Result "1-0"]
[WhiteElo "2495"]
[BlackElo "2375"]

1.d4 Nf6 2.Nf3 g6 3.c4 Bg7 4.Nc3 O-O 5.e4 d6 6.Be2 e5 7.dxe5 dxe5 8.Qxd8 Rxd8
9.Bg5 Re8 10.Nd5 Nxd5 11.cxd5 c6 12.Bc4 cxd5 13.Bxd5 h6 14.Be3 Nd7 15.Nd2 Nf6
16.Bb3 Ng4 17.Rc1 Be6 18.Bxe6 Rxe6 19.Rc7 Bf8 20.Ke2 Nxe3 21.fxe3 b5 22.Rf1 Re7
23.Rxe7 Bxe7 24.Rc1 Bd6 25.Rc6 Rd8 26.Nb1 b4 27.Nd2 Rd7 28.Rc8+ Kg7 29.Nc4 Bc7
30.g4 Kf6 31.h4 Bd8 32.g5+ hxg5 33.hxg5+ Ke6 34.Rc6+ Ke7 35.Nxe5 Rb7 36.Rc5 Ke6
37.Nc6 Bb6 38.Rb5 Kd6 39.Nxb4 Re7 40.Rd5+ Ke6 41.Nd3 Rc7 42.Nf4+ Ke7 43.Rd2 Rc1
44.Kd3 Rg1 45.Rg2 Rd1+ 46.Kc2 Rf1 47.Nd5+ Ke6 48.Nxb6 axb6 49.Rd2 Re1 50.Rf2 Rxe3
51.Rf6+ Ke7 52.Rxb6 Rxe4 53.b4 Re5 54.a4 Rxg5 55.a5 Rg1 56.a6 Ra1 57.Rb7+ Ke6
58.b5 f5 59.a7 f4 60.Rb6+  1-0

[Event "Reggio Emilia8788-B"]
[Site "Reggio Emilia"]
[Date "1987.??.??"]
[Round "6"]
[White "Bukal, Vladimir Sr"]
[Black "Beil, Zdenek"]
[Result "1/2-1/2"]
[WhiteElo "2435"]
[BlackElo "2425"]

1.c4 Nf6 2.Nc3 g6 3.e4 d6 4.d4 Bg7 5.Be2 O-O 6.Nf3 e5 7.d5 a5 8.O-O Na6 9.Ne1 Nc5
10.Nd3 Nfxe4 11.Nxe4 Nxe4 12.f3 Nc5 13.Nxc5 dxc5 14.Be3 b6 15.Qd2 a4 16.Rad1 Qd6
17.Rb1 Bf5 18.Bd3 Bxd3 19.Qxd3 c6 20.Rfd1 Rfd8 21.Qc2 cxd5 22.Rxd5 Qc6  1/2-1/2

[Event "Rio Hondo"]
[Site "Rio Hondo"]
[Date "1987.??.??"]
[Round "4"]
[White "Ricardi, Pablo"]
[Black "Bronstein, Luis"]
[Result "1-0"]
[WhiteElo "2445"]
[BlackElo "2410"]

1.d4 Nf6 2.c4 g6 3.Nc3 Bg7 4.Nf3 O-O 5.e4 d6 6.Be2 e5 7.O-O Nbd7 8.Qc2 c6
9.d5 Qc7 10.Rd1 c5 11.Bd2 Ne8 12.b4 cxb4 13.Nb5 Qb6 14.Rab1 a6 15.Nc3 Qc7
16.Rxb4 Nc5 17.Na4 Nf6 18.Nxc5 dxc5 19.Rb2 Ne8 20.Bc3 f6 21.Qd2 Nd6 22.Ba5 Qf7
23.Qe3 Re8 24.Nd2 f5 25.Qxc5 Nxe4 26.Nxe4 fxe4 27.Qe3 Qf4 28.d6  1-0

[Event "FRA-ch"]
[Site "Rouen"]
[Date "1987.??.??"]
[Round "5"]
[White "Thebault, Bernard"]
[Black "Weill, Roland"]
[Result "1-0"]
[WhiteElo "2200"]
[BlackElo "2200"]

1.d4 g6 2.c4 Bg7 3.Nc3 d6 4.e4 Nd7 5.Be2 Ngf6 6.Nf3 O-O 7.O-O e5 8.Be3 Ng4
9.Bg5 f6 10.Bh4 Nh6 11.Qd2 g5 12.Nxg5 exd4 13.Nd5 Nc5 14.Nf3 Nxe4 15.Qxd4 Ng5
16.Qd2 Nf5 17.Nxg5 Nxh4 18.Nf3 Nxf3+ 19.Bxf3 f5 20.Rfe1 Kh8 21.Re2 c6 22.Nf4 Be5
23.Nh5 Qh4 24.Rxe5 dxe5 25.Qd6  1-0

[Event "FRA-ch"]
[Site "Rouen"]
[Date "1987.??.??"]
[Round "7"]
[White "Benoit, Michel"]
[Black "Chabanon, Jean Luc"]
[Result "0-1"]
[WhiteElo "2240"]
[BlackElo "2200"]

1.e4 g6 2.d4 Bg7 3.c4 d6 4.Nc3 Nf6 5.Be2 O-O 6.Nf3 e5 7.d5 a5 8.Bg5 h6 9.Bh4 Qe8
10.Nd2 h5 11.f3 Nh7 12.O-O Bh6 13.Bf2 Na6 14.a3 Bd7 15.b3 Qe7 16.Qc2 Qg5
17.Rfd1 h4 18.Kh1 Nf6 19.Nf1 Nh5 20.Ne3 f5 21.exf5 gxf5 22.Re1 Rf7 23.b4 Re8
24.Rab1 e4 25.fxe4 Ng3+ 26.Kg1 axb4 27.axb4 fxe4 28.Nf1 Rxf2 29.hxg3 hxg3
30.Nxe4 Qh4 31.Nexg3 Kh8 32.Kxf2 Qd4+ 33.Ne3 Qxe3+ 34.Kf1 Rf8+  0-1

[Event "ARG-ch"]
[Site "Salta"]
[Date "1987.??.??"]
[Round "12"]
[White "Soppe, Guillermo"]
[Black "Schwanek, Carlos"]
[Result "1/2-1/2"]
[WhiteElo "2350"]
[BlackElo "2275"]

1.d4 Nf6 2.c4 g6 3.Nc3 Bg7 4.e4 d6 5.Nf3 O-O 6.Be2 e5 7.d5 a5 8.Bg5 h6 9.Bh4 Na6
10.Nd2 Qe8 11.O-O Nh7 12.a3 h5 13.f3 Bd7 14.b3 Bh6 15.Kh1 Nc5 16.Rb1 f5 17.Qc2 Qb8
18.Bf2 Nf6 19.Rbd1 Qe8 20.Bg1 fxe4 21.fxe4 Qe7 22.b4 axb4 23.axb4 Na6 24.Qb3 Ng4
25.Ncb1 Rxf1 26.Rxf1 Rf8 27.c5 Rxf1 28.Bxf1 Qf7 29.c6 Bc8 30.cxb7 Bxb7 31.Nf3 Nb8
32.Qa4 Qd7 33.Qa7 Qc8 34.Nc3 Na6 35.Bxa6 Bxa6 36.b5 Bb7 37.h3 Nf6 38.Be3 Bxe3
39.Qxe3 Nh7 40.Qh6 Qe8 41.Qd2 Bc8 42.Qa2 Bd7 43.Qa7 Qd8 44.Qa3 Qb8 45.Qa5 Qb6
46.Qa3 Qb8 47.Qa5 g5  1/2-1/2

[Event "Sevilla op"]
[Site "Sevilla"]
[Date "1987.??.??"]
[Round "?"]
[White "Franco Ocampo, Zenon"]
[Black "Damljanovic, Branko"]
[Result "1/2-1/2"]
[WhiteElo "2440"]
[BlackElo "2470"]

1.d4 Nf6 2.c4 g6 3.Nc3 Bg7 4.e4 d6 5.Nf3 O-O 6.Be2 e5 7.d5 a5 8.Bg5 h6 9.Bh4 Na6
10.Nd2 Qe8 11.O-O Bd7 12.b3 Nh7 13.a3 h5 14.f3 Bh6 15.Rb1 Be3+ 16.Kh1 Bc5
17.Qc1 f5 18.exf5 gxf5 19.Bf2 Qg6 20.Bxc5 dxc5 21.f4 e4 22.Nd1 Nf6 23.Qc3 b6  1/2-1/2

[Event "BUL-ch (Women)"]
[Site "Sofia"]
[Date "1987.??.??"]
[Round "2"]
[White "Genova, Ruzka"]
[Black "Marinova, Elka"]
[Result "1-0"]
[WhiteElo "2185"]
[BlackElo "2075"]

1.d4 Nf6 2.Nf3 d6 3.c4 g6 4.Nc3 Bg7 5.e4 O-O 6.Be2 Nbd7 7.O-O e5 8.Be3 Ng4
9.Bg5 f6 10.Bc1 f5 11.exf5 gxf5 12.dxe5 dxe5 13.Ng5 Ndf6 14.c5 Qe7 15.Bc4+ Kh8
16.Qb3 Nh6 17.Qa3 Bd7 18.b4 a6 19.Qb3 b5 20.cxb6 cxb6 21.a4 b5 22.axb5 axb5
23.Rxa8 Rxa8 24.Bxb5 Bxb5 25.Nxb5 Rb8 26.Qc4 Bf8 27.Bd2 Qd7 28.Qe6 Rxb5 29.Qxf6+ Bg7
30.Qa6 Rb8 31.Qe2 e4 32.Rb1 Ng4 33.Bf4 Rb5 34.Nf7+ Kg8 35.Nd6 Rb8 36.Qa2+  1-0

[Event "BUL-ch (Women)"]
[Site "Sofia"]
[Date "1987.??.??"]
[Round "7"]
[White "Genova, Ruzka"]
[Black "Savova, Stefka"]
[Result "1-0"]
[WhiteElo "2185"]
[BlackElo "2245"]

1.d4 Nf6 2.Nf3 d6 3.c4 g6 4.Nc3 Bg7 5.e4 O-O 6.Be2 e5 7.Be3 Nc6 8.d5 Ne7
9.Nd2 c5 10.O-O Nd7 11.g4 f5 12.f3 Kh8 13.Kh1 Nf6 14.a3 Qd7 15.Rg1 h5 16.g5 Nh7
17.b4 b6 18.bxc5 bxc5 19.Rb1 Qd8 20.Qa4 Bd7 21.Qa6 Bc8 22.Qb5 Bd7 23.Qb7 Rb8
24.Qa6 Rxb1 25.Rxb1 Nc8 26.h4 f4 27.Bf2 Rf7 28.Rb8 Bf8 29.Nb5 Qe7 30.Nxa7 Nxa7
31.Qxa7 Be8 32.Qa8 Bd7 33.a4 Kg8 34.Qa6 Be8 35.Bf1 Qd7 36.Qb5 Re7 37.Qxd7 Bxd7
38.a5 Be8 39.Bh3 Ba4 40.Be6+ Kg7 41.a6 Kh8 42.Bc8  1-0

[Event "Tatran Cup"]
[Site "Stary Smokovec"]
[Date "1987.??.??"]
[Round "?"]
[White "Knezevic, Milorad"]
[Black "Paunovic, Dragan"]
[Result "1/2-1/2"]
[WhiteElo "2435"]
[BlackElo "2450"]

1.d4 Nf6 2.Nf3 g6 3.c4 Bg7 4.Nc3 O-O 5.e4 d6 6.Be2 e5 7.dxe5 dxe5 8.Qxd8 Rxd8
9.Bg5 Re8 10.Rd1 h6 11.Bxf6 Bxf6 12.Nd5 Bd8 13.Nxe5 Rxe5 14.Nb6 axb6 15.Rxd8+ Kg7
16.Rxc8  1/2-1/2

[Event "Tatran Cup"]
[Site "Stary Smokovec"]
[Date "1987.??.??"]
[Round "?"]
[White "Knezevic, Milorad"]
[Black "Kindermann, Stefan"]
[Result "1/2-1/2"]
[WhiteElo "2435"]
[BlackElo "2490"]

1.d4 Nf6 2.Nf3 g6 3.c4 Bg7 4.Nc3 O-O 5.e4 d6 6.Be2 e5 7.dxe5 dxe5 8.Qxd8 Rxd8
9.Bg5 Nbd7 10.O-O-O Rf8 11.Nd5 c6 12.Ne7+ Kh8 13.Be3 Re8 14.Nxc8 Raxc8 15.Nd2  1/2-1/2

[Event "Tatran Cup"]
[Site "Stary Smokovec"]
[Date "1987.??.??"]
[Round "?"]
[White "Robatsch, Karl"]
[Black "Paunovic, Dragan"]
[Result "1/2-1/2"]
[WhiteElo "2410"]
[BlackElo "2450"]

1.Nf3 Nf6 2.c4 g6 3.Nc3 Bg7 4.e4 d6 5.d4 O-O 6.Be2 e5 7.dxe5 dxe5 8.Qxd8 Rxd8
9.Bg5 c6 10.Nxe5 Re8 11.O-O-O Na6 12.f3 Rxe5 13.Rd8+ Ne8 14.f4 Re6 15.Bg4 Nc7
16.e5 h6 17.Bh4 g5 18.Bg3 gxf4 19.Bxf4 h5 20.Bxe6 Bxe6 21.Rxa8 Nxa8 22.Rd1 Kf8
23.Rd8 Nc7 24.Rb8 Na6 25.Ra8 Nc5 26.Be3 Nd7 27.Ne4 Bxe5 28.Nc5 Ke7 29.Rxa7 Nd6
30.b3 Nxc5 31.Bxc5 Bc8 32.h3 Kd7 33.Ra5 Bc3 34.Ra7 Ne4 35.Bb6 Be5 36.Kc2 Ng5
37.Kd3 Ne6 38.Ke4 f6 39.Ra8 Bd6 40.Kf5 Nc7 41.Bxc7 Kxc7+ 42.Kxf6 Bb4 43.Kg5 b6
44.Kxh5 Kb7 45.Rxc8 Kxc8 46.Kg6 Kd7 47.g4 Ke6 48.a4 Ke5 49.Kf7 Kf4 50.Ke6 Kg5  1/2-1/2

[Event "Tatran Cup"]
[Site "Stary Smokovec"]
[Date "1987.??.??"]
[Round "?"]
[White "Priehoda, Vitezslav"]
[Black "Paunovic, Dragan"]
[Result "1-0"]
[WhiteElo "2350"]
[BlackElo "2450"]

1.d4 Nf6 2.c4 g6 3.Nc3 Bg7 4.e4 d6 5.Be2 O-O 6.Nf3 e5 7.d5 a5 8.Bg5 h6 9.Bh4 Na6
10.Nd2 Qe8 11.a3 Bd7 12.b3 Nh7 13.O-O h5 14.f3 Bh6 15.Rb1 Be3+ 16.Bf2 Bc5
17.Bxc5 Nxc5 18.Nb5 Qb8 19.Qc2 c6 20.Nc3 cxd5 21.Nxd5 Ne6 22.Bd3 Nd4 23.Qb2 Be6
24.f4 Qd8 25.Rbe1 Bxd5 26.exd5 Qb6 27.Kh1 Rae8 28.f5 Kg7 29.b4 axb4 30.axb4 Nf6
31.Ne4 Nxe4 32.Bxe4 f6 33.fxg6 f5 34.Bf3 Kxg6 35.Qf2 Qd8 36.c5 dxc5 37.bxc5 Nxf3
38.Qxf3 e4 39.Qb3 Rf7 40.d6 Qf6 41.Rd1 Rd8 42.Rd5 Qe6 43.Qg3+ Kh7 44.Re5 Qg6
45.Qh4 Rdf8 46.Re7 Rxe7 47.Qxe7+ Rf7 48.Qe5 Qg7 49.Qd5 e3 50.h3 h4 51.Re1 f4
52.Qh5+ Kg8 53.Qxh4 Qc3 54.Kh2 Qxc5 55.Rd1 Qe5 56.Qg4+ Rg7 57.Qc8+ Kh7 58.Qc2+ Kh6
59.Kh1 e2 60.Re1 Qxd6 61.Qxe2 Qg6 62.Qf3 Qg3 63.Re6+ Kh7 64.Qh5+  1-0

[Event "Rilton Cup"]
[Site "Stockholm"]
[Date "1987.??.??"]
[Round "?"]
[White "Zueger, Beat"]
[Black "Winsnes, Rikard"]
[Result "1/2-1/2"]
[WhiteElo "2405"]
[BlackElo "2270"]

1.d4 Nf6 2.c4 g6 3.Nc3 Bg7 4.e4 d6 5.Nf3 O-O 6.Be2 e5 7.O-O Nbd7 8.Re1 c6
9.Bf1 exd4 10.Nxd4 Ng4 11.h3 Qb6 12.hxg4 Qxd4 13.Be3 Qxd1 14.Raxd1 Ne5 15.Rxd6 Be6
16.c5 Nxg4 17.Bd4 Ne5 18.f4 Nd7 19.Bxg7 Kxg7 20.b4 a5 21.a3 axb4 22.axb4 Ra3
23.Ne2 Nf6 24.Nd4 Re8 25.b5 cxb5 26.Bxb5 Re7 27.c6  1/2-1/2

[Event "SWE-ch"]
[Site "Stockholm"]
[Date "1987.??.??"]
[Round "?"]
[White "Welin, Thomas"]
[Black "Winsnes, Rikard"]
[Result "1-0"]
[WhiteElo "2400"]
[BlackElo "2290"]

1.d4 Nf6 2.Nf3 g6 3.c4 Bg7 4.Nc3 O-O 5.e4 d6 6.Be2 e5 7.O-O Nbd7 8.Qc2 c6
9.Rd1 Qc7 10.b3 Re8 11.d5 cxd5 12.Nb5 Qb8 13.cxd5 Nc5 14.Ba3 Ncxe4 15.Nc7 Bf5
16.Nxe8 Qxe8 17.Nh4 Bd7 18.Bb4 Qd8 19.Be1 Rc8 20.Qb2 Bh6 21.g3 Qb6 22.Bf3 Rc5
23.b4 Rc4 24.Be2 Rc7 25.a4 a5 26.Ra2 axb4 27.Qxb4 Qa7 28.Bf3 Nc5 29.a5 Rc8
30.Bg2 Bg4 31.Rb1 e4 32.Qd4 Bg7 33.Qd2 h6 34.Bf1 g5 35.Ng2 Ncd7 36.Ne3 Ne5
37.Bg2 Nf3+ 38.Bxf3 Bxf3 39.Rc1 Rxc1 40.Qxc1 Ng4 41.Qc8+ Bf8 42.Nxg4  1-0